00772cam a2200241 a 45000010006000000050017000060080041000230350023000640400028000870160014001150200024001290200018001530350037001710550030002080820008002381000022002462450108002682600052003763000028004284400031004566500008004876500035004953981520230411085955.0830113s1982 quca 000 0 fre  a(OCoLC)ocm15922733 aNLCbfrecNLCdOCLdGZM a830006389 a2890402258 :c$5,00 a9782890402256 a(OCoLC)15922733z(OCoLC)1025327700a110 PQ 3949.2bT234n 198200a8411 aTavernier, Janine10aNaima, fille des dieux :bpoemes /cJanine Tavernier ; preface de Jean F. Brierre et Roger Dorsinville. aSherbrooke, Québec :bEditions Naaman,c1982. a75 p. :bill. ;c19 cm. 0aCollection Creation ;v113 4aCEH 4aColección Estudios Haitianos